000 00910nam a2200229 a 4500
001 53490
003 BD-RjUL
005 20211209075954.0
008 161016s1957 ii ||||| |||| 00| 0 ben d
020 _c: IRs 2.50
035 _a(BD-RjUL)53611
040 _aBD-RjUL
_bben
_cBD-RjUL
041 _aben
082 _223
_a891.44209
_bBHN 1957
100 _aভট্রাচার্য্য, সাধনকুমার
_9159906
245 1 0 _aনাটক ও নাটকীয়ত্ত্ব /
_cসাধনকুমার ভট্রাচার্য্য
260 _aকলিকাতা :
_bজিজ্ঞাসা,
_c১৯৫৭
300 _a[৮], ১২০ পৃ. ;
_c১৮ সেমি.
650 _aবাংলা নাটক
_xইতিহাস ও সমালোচনা
_9123674
650 _aBengali Drama
_xHistory & Criticism
_9127231
942 _2ddc
_cBK
_01
999 _c53490
_d53490